000 00652nam a2200205 4500
003 LK-CoMWRAF
005 20230910070357.0
008 230910b1997 |||||||| |||| 00| 0 eng d
020 _a955625000X
040 _aLK-CoMWRAF
_dLK-CoMWRAF
_eLK-CoMWRAF
041 _aeng
082 _a297
_bALT
245 _aAlternative perspectives : A collection of essays on contemporary Muslim society
260 _aColombo :
_bMuslim women’s research and action forum,
_c1997
300 _a[viii],105 p. ; 24 cm.
650 _a Islam -- 20th century
650 _aMuslim society
700 _aMuslim Mātar Ārāycci Ceyal Mun̲n̲aṇi.
_econt.
942 _cBK
999 _c3527
_d3527